00354nam a2200121Ia 4500008004100000100002100041245001900062260002600081300000900107650009200116942000700208999001700215190216s9999||||xx |||||||||||||| ||und|| aBalaram Moosad C 0aGolden Harvest bB I Publicationc1988 a125p aModern Indian History-Modern Indian History-Modern Indian History-Modern Indian History cBK c13455d13455